Missing Word: Top Grossing Movies (2017) Quiz Stats

 Plays Quiz Updated Jan 1, 2019

     
Support Sporcle.
Go Orange.
Score 0/20 Timer 02:00
0 Plays Today
Movie Missing Word % Correct
_______ and the BeastBeauty
98.7%
Despicable __ 3Me
97.7%
Jumanji: Welcome to the ______Jungle
91.5%
_________ of the Galaxy Vol. 2Guardians
90.5%
Justice ______League
87.9%
Pirates of the Caribbean: ____ Men Tell No TalesDead
87.3%
Star Wars: The Last ____Jedi
84.8%
______ on the Orient ExpressMurder
82.6%
The Greatest _______Showman
76.1%
Fifty Shades ______Darker
74.2%
Movie Missing Word % Correct
The Boss ____Baby
73.4%
Kong: _____ IslandSkull
70.2%
______ WomanWonder
69.5%
Spider-Man: __________Homecoming
64.9%
Thor: ________Ragnarok
61.9%
Transformers: The ____ KnightLast
57%
The ____ of the FuriousFate
55.4%
___ for the Planet of the ApesWar
48.3%
Kingsman: The Golden ______Circle
47.6%
____ Warrior 2Wolf
5.8%

Today's Daily Dose

Get the Picture
Alien TV Shows

From the Vault

Word Overlaps

by joeflint82

If the end is the beginning, then where does the beginning end?
Remove Ads.
Support Sporcle.
Get the best of Sporcle when you Go Orange. This ad-free experience offers more features, more stats, and more fun while also helping to support Sporcle. Thank you for becoming a member.

Show Comments

Extras

Top Quizzes Today


Score Distribution

Your Account Isn't Verified!

In order to create a playlist on Sporcle, you need to verify the email address you used during registration. Go to your Sporcle Settings to finish the process.

Report this User

Report this user for behavior that violates our Community Guidelines.

Details: